Central Library OPAC University of Rajshahi

Sound system engineering / (Record no. 12908)

MARC details
000 -LEADER
fixed length control field 01199cam a22003374a 4500
001 - CONTROL NUMBER
control field 12908
003 - CONTROL NUMBER IDENTIFIER
rucl marc code BD-RjUL
005 - DATE AND TIME OF LATEST TRANSACTION
control field 20211208235356.0
008 - FIXED-LENGTH DATA ELEMENTS--GENERAL INFORMATION
fixed length control field 140129r2007 ne a b 001 0 eng
020 ## - INTERNATIONAL STANDARD BOOK NUMBER
International Standard Book Number 0240808304 (alk. paper)
International Standard Book Number 9780240808307
035 ## - SYSTEM CONTROL NUMBER
System control number (BD-RjUL)12958
System control number (OCoLC)69734389
040 ## - CATALOGING SOURCE
Original cataloging agency DLC
Transcribing agency DLC
Modifying agency BAKER
-- C#P
-- YDXCP
-- DLC
-- BD-RjUL
Language of cataloging eng
041 ## - LANGUAGE CODE
Language code of text/sound track or separate title eng
082 00 - DEWEY DECIMAL CLASSIFICATION NUMBER
Classification number 621.3893
Edition number 22
Author mark and year DAS 2007
100 1# - MAIN ENTRY--PERSONAL NAME
Personal name Davis, Don,
Dates associated with a name 1928-
9 (RLIN) 40230
245 10 - TITLE STATEMENT
Title Sound system engineering /
Statement of responsibility, etc. Don Davis and Eugene Patronis, Jr.
250 ## - EDITION STATEMENT
Edition statement 3rd ed.
260 ## - PUBLICATION, DISTRIBUTION, ETC. (IMPRINT)
Place of publication, distribution, etc. Amsterdam ;
-- Boston :
Name of publisher, distributor, etc. Elsevier Focal Press,
Date of publication, distribution, etc. c2006 [Reprinted 2007].
300 ## - PHYSICAL DESCRIPTION
Pagination xiii, 489 p. :
Illustrations ill. ;
Size 26 cm.
504 ## - BIBLIOGRAPHY, ETC. NOTE
Bibliography, etc Includes bibliographical references and index.
650 #0 - SUBJECT ADDED ENTRY--TOPICAL TERM
Topical term or geographic name as entry element Sound
General subdivision Recording and reproducing.
9 (RLIN) 19599
Topical term or geographic name as entry element Electro-acoustics.
9 (RLIN) 38985
700 1# - ADDED ENTRY--PERSONAL NAME
Personal name Patronis, Eugene,
856 41 - ELECTRONIC LOCATION AND ACCESS
Materials specified Table of contents only
Uniform Resource Identifier <a href="http://www.loc.gov/catdir/toc/ecip0614/2006015870.html">http://www.loc.gov/catdir/toc/ecip0614/2006015870.html</a>
Materials specified Publisher description
Uniform Resource Identifier <a href="http://www.loc.gov/catdir/enhancements/fy0646/2006015870-d.html">http://www.loc.gov/catdir/enhancements/fy0646/2006015870-d.html</a>
942 ## - ADDED ENTRY ELEMENTS (KOHA)
Source of classification or shelving scheme Dewey Decimal Classification
Koha item type Books
Holdings
Lost status Source of classification or shelving scheme Damaged status Not for loan Collection code Permanent Location Current Location Shelving location Date acquired Source of acquisition Cost, normal purchase price Total Checkouts Full call number Date last seen Copy number Koha item type
  Dewey Decimal Classification     Non-fiction Central Library, University of Rajshahi Central Library, University of Rajshahi   23/02/2009 Dhaka, Paragon Enterprises. 595.00   621.3893 DAS 2007 29/01/2014 C-2 Books
  Dewey Decimal Classification   Not For Loan Non-fiction Central Library, University of Rajshahi Central Library, University of Rajshahi Reading Room 23/02/2009 Dhaka, paragon Enterprises Ltd. 595.00   621.3893 DAS 2007 18/03/2017 C-1 Books